[Event "3. Sinquefield Cup 2015"]
[Site "Saint Louis USA"]
[Date "2015.08.28"]
[Round "6.1"]
[White "Aronian, Levon"]
[Black "Carlsen, Magnus"]
[Result "1/2-1/2"]
[WhiteElo "2765"]
[BlackElo "2853"]
[PlyCount "64"]
[EventDate "2015.08.22"]
[EventType "tourn"]
[EventRounds "9"]
[EventCountry "USA"]
[EventCategory "22"]
[Source "lmi"]
[SourceDate "2015.08.22"]

1. c4 e5 2. Nc3 Nf6 3. Nf3 Nc6 4. g3 d5 5. cxd5 Nxd5 6. Bg2 Nb6 7. O-O Be7 8.
d3 O-O 9. a3 Re8 10. b4 Bf8 11. Nd2 Be6 12. Bb2 Qd7 13. Nce4 Bh3 14. Bxh3 Qxh3
15. Qb3 Qd7 16. Nf3 a5 17. b5 Nd4 18. Nxd4 exd4 19. a4 Qd5 20. Qxd5 Nxd5 21.
Bxd4 f5 22. Nc3 Nxc3 23. Bxc3 Rxe2 24. Rfe1 Rxe1+ 25. Rxe1 Bb4 26. Rc1 c6 27.
bxc6 bxc6 28. Bxb4 axb4 29. Rxc6 Rxa4 30. Rb6 Ra1+ 31. Kg2 Rd1 32. Rxb4 Rxd3
1/2-1/2

[Event "3. Sinquefield Cup 2015"]
[Site "Saint Louis USA"]
[Date "2015.08.28"]
[Round "6.2"]
[White "Vachier-Lagrave, Maxime"]
[Black "Topalov, Veselin"]
[Result "1-0"]
[WhiteElo "2731"]
[BlackElo "2816"]
[PlyCount "73"]
[EventDate "2015.08.22"]
[EventType "tourn"]
[EventRounds "9"]
[EventCountry "USA"]
[EventCategory "22"]
[Source "lmi"]
[SourceDate "2015.08.22"]

1. e4 e5 2. Nf3 Nc6 3. Bb5 Nf6 4. O-O Nxe4 5. d4 Nd6 6. Bxc6 dxc6 7. dxe5 Nf5
8. Qxd8+ Kxd8 9. h3 h6 10. Rd1+ Ke8 11. Nc3 Ne7 12. Nd4 Ng6 13. f4 Bc5 14. Be3
h5 15. Ne4 Bxd4 16. Rxd4 h4 17. Rad1 Bf5 18. e6 Bxe6 19. Nc5 Rh5 20. Nxb7 Rd5
21. b3 Rb8 22. Rxd5 cxd5 23. Nc5 c6 24. Rd4 Bc8 25. Ra4 Ra8 26. c4 dxc4 27.
Rxc4 Bf5 28. Nb7 Kd7 29. Rd4+ Kc7 30. Nd6 Bb1 31. Nxf7 Re8 32. Kf2 Bxa2 33. f5
Nf8 34. Ra4 Bxb3 35. Rxa7+ Kb8 36. Nd6 Rd8 37. Rxg7 1-0

[Event "3. Sinquefield Cup 2015"]
[Site "Saint Louis USA"]
[Date "2015.08.28"]
[Round "6.3"]
[White "Giri, Anish"]
[Black "Anand, Viswanathan"]
[Result "1/2-1/2"]
[WhiteElo "2793"]
[BlackElo "2816"]
[PlyCount "63"]
[EventDate "2015.08.22"]
[EventType "tourn"]
[EventRounds "9"]
[EventCountry "USA"]
[EventCategory "22"]
[Source "lmi"]
[SourceDate "2015.08.22"]

1. d4 d5 2. Nf3 Nf6 3. c4 c6 4. e3 Bg4 5. h3 Bh5 6. g4 Bg6 7. Ne5 Nbd7 8. Nxg6
hxg6 9. Bg2 e6 10. Nd2 g5 11. O-O Be7 12. Re1 Nf8 13. e4 Nxe4 14. Nxe4 dxe4 15.
Rxe4 Ng6 16. Be3 O-O 17. d5 cxd5 18. cxd5 e5 19. Qd2 a5 20. d6 Qxd6 21. Qxd6
Bxd6 22. Bxg5 Rac8 23. Re2 b6 24. Rd1 Bc5 25. Be4 Nf4 26. Bxf4 exf4 27. Kg2
Rfd8 28. Red2 Rxd2 29. Rxd2 g5 30. Rd7 Re8 31. Kf3 Re7 32. Rxe7 1/2-1/2

[Event "3. Sinquefield Cup 2015"]
[Site "Saint Louis USA"]
[Date "2015.08.28"]
[Round "6.5"]
[White "Grischuk, Alexander"]
[Black "Caruana, Fabiano"]
[Result "1-0"]
[WhiteElo "2771"]
[BlackElo "2808"]
[PlyCount "80"]
[EventDate "2015.08.22"]
[EventType "tourn"]
[EventRounds "9"]
[EventCountry "USA"]
[EventCategory "22"]
[Source "lmi"]
[SourceDate "2015.08.22"]

1. d4 Nf6 2. c4 e6 3. Nf3 d5 4. Nc3 Be7 5. Bf4 O-O 6. e3 Nbd7 7. c5 Ne4 8. a3
Nxc3 9. bxc3 c6 10. Qa4 g5 11. Bg3 f5 12. h3 f4 13. Bh2 e5 14. Be2 e4 15. Nd2
Nxc5 16. dxc5 Bxc5 17. O-O b5 18. Qb3 Qe7 19. Kh1 Be6 20. a4 d4 21. Qd1 d3 22.
Bg4 Bd5 23. axb5 cxb5 24. Nb3 fxe3 25. Nxc5 Qxc5 26. fxe3 Qxe3 27. Re1 Qf2 28.
Bg1 Qf7 29. Qd2 Qg6 30. Ra6 Rf6 31. Rea1 Re8 32. Rxf6 Qxf6 33. Rxa7 h6 34. Be3
Qe5 35. Qe1 Bc4 36. Bd4 Qf4 37. Be3 Qe5 38. Bd4 Qf4 39. Rg7+ Kf8 40. Qa1 b4 1-0

[Event "3. Sinquefield Cup 2015"]
[Site "Saint Louis USA"]
[Date "2015.08.29"]
[Round "7.1"]
[White "Nakamura, Hikaru"]
[Black "Aronian, Levon"]
[Result "0-1"]
[WhiteElo "2814"]
[BlackElo "2765"]
[PlyCount "102"]
[EventDate "2015.08.22"]
[EventType "tourn"]
[EventRounds "9"]
[EventCountry "USA"]
[EventCategory "22"]
[Source "lmi"]
[SourceDate "2015.08.22"]

1. e4 e5 2. Nf3 Nc6 3. Bb5 a6 4. Ba4 Nf6 5. O-O Be7 6. Re1 b5 7. Bb3 O-O 8. a4
b4 9. d4 d6 10. dxe5 dxe5 11. Qxd8 Rxd8 12. Nbd2 h6 13. Bc4 Bd6 14. a5 Re8 15.
Bd3 Nd7 16. b3 Nc5 17. Bc4 Be6 18. Bb2 f6 19. Bxe6+ Rxe6 20. Nc4 Rb8 21. Nfd2
Rb5 22. Ra2 Nb7 23. Rea1 Bc5 24. Kf1 Re7 25. Ke2 Rd7 26. Nf1 Bd4 27. Nfe3 Bxe3
28. Nxe3 Kf7 29. f3 Ke6 30. g4 Nc5 31. Nc4 Ke7 32. Bc1 Ne6 33. Be3 Ncd4+ 34.
Kf2 Ng5 35. Bxg5 fxg5 36. Rd1 Ke6 37. Rd3 Rf7 38. Ra1 Rb8 39. Rad1 Rbf8 40.
Nxe5 Kxe5 41. Rxd4 Rxf3+ 42. Ke2 Rf2+ 43. Ke1 Rf1+ 44. Ke2 R8f2+ 45. Ke3 Rf3+
46. Ke2 R1f2+ 47. Ke1 Rxh2 48. Rd5+ Kf4 49. R1d4 Kxg4 50. Rc5 Rg3 51. Kf1 Rc3
0-1

[Event "3. Sinquefield Cup 2015"]
[Site "Saint Louis USA"]
[Date "2015.08.29"]
[Round "7.2"]
[White "Carlsen, Magnus"]
[Black "Grischuk, Alexander"]
[Result "0-1"]
[WhiteElo "2853"]
[BlackElo "2771"]
[PlyCount "132"]
[EventDate "2015.08.22"]
[EventType "tourn"]
[EventRounds "9"]
[EventCountry "USA"]
[EventCategory "22"]

1. e4 c5 2. Nf3 d6 3. d4 cxd4 4. Nxd4 Nf6 5. Nc3 a6 6. Be2 e5 7. Nb3 Be7 8. Be3
Be6 9. Qd3 Nbd7 10. Nd5 O-O 11. O-O Bxd5 12. exd5 Rc8 13. c4 Ne8 14. Qd2 b6 15.
Rac1 a5 16. Na1 g6 17. b4 Ng7 18. bxa5 bxa5 19. Bd3 Nc5 20. Bc2 a4 21. Rb1 e4
22. Bxc5 Rxc5 23. Bxa4 Rxc4 24. Bc6 Nf5 25. Qe2 Rc3 26. Qxe4 Ra3 27. Qe2 Bf6
28. Nb3 Qe7 29. Qxe7 Nxe7 30. Nd2 Rxa2 31. Nc4 Rd8 32. g4 Bd4 33. Rbd1 Bc5 34.
Rd2 Rxd2 35. Nxd2 Nxc6 36. dxc6 Rc8 37. Ne4 Rxc6 38. Rd1 h6 39. h4 Kf8 40. Kg2
Ke7 41. Rc1 Rc8 42. Kf3 Ke6 43. Rc2 Rc7 44. h5 gxh5 45. gxh5 Bb6 46. Re2 Bd4
47. Kg3 d5 48. Nd2+ Kf5 49. Kg2 Be5 50. Nf3 Bf6 51. Ra2 Rd7 52. Ne1 Rc7 53. Kf3
Bg5 54. Ra5 Ke5 55. Ke2 Ke4 56. Ra4+ d4 57. f3+ Kd5 58. Ra5+ Kc4 59. Nd3 Re7+
60. Re5 Re6 61. f4 Bf6 62. Rxe6 fxe6 63. Nf2 Be7 64. Ng4 Kc3 65. f5 exf5 66.
Nxh6 Kc2 0-1

[Event "3. Sinquefield Cup 2015"]
[Site "Saint Louis USA"]
[Date "2015.08.29"]
[Round "7.3"]
[White "Topalov, Veselin"]
[Black "Giri, Anish"]
[Result "1/2-1/2"]
[WhiteElo "2816"]
[BlackElo "2793"]
[PlyCount "65"]
[EventDate "2015.08.22"]
[EventType "tourn"]
[EventRounds "9"]
[EventCountry "USA"]
[EventCategory "22"]
[Source "lmi"]
[SourceDate "2015.08.22"]

1. Nf3 Nf6 2. c4 g6 3. Nc3 d5 4. cxd5 Nxd5 5. e4 Nxc3 6. dxc3 Qxd1+ 7. Kxd1 f6
8. Be3 e5 9. Nd2 Be6 10. Bc4 Kf7 11. Kc2 Be7 12. Rad1 Rd8 13. Bxe6+ Kxe6 14.
Nc4 Rxd1 15. Rxd1 Nc6 16. a4 a5 17. f4 h5 18. Rf1 exf4 19. Bxf4 Ne5 20. Bxe5
fxe5 21. Rf3 b6 22. Rg3 Rg8 23. Kd3 Bh4 24. Rf3 Be7 25. Ke2 Rb8 26. Rg3 Kf6 27.
Ne3 c6 28. Nc4 Bc5 29. h3 Ra8 30. Rf3+ Ke6 31. Rg3 Kf6 32. Rf3+ Ke6 33. Rg3
1/2-1/2

[Event "3. Sinquefield Cup 2015"]
[Site "Saint Louis USA"]
[Date "2015.08.29"]
[Round "7.4"]
[White "Caruana, Fabiano"]
[Black "Vachier-Lagrave, Maxime"]
[Result "1/2-1/2"]
[WhiteElo "2808"]
[BlackElo "2731"]
[PlyCount "60"]
[EventDate "2015.08.22"]
[EventType "tourn"]
[EventRounds "9"]
[EventCountry "USA"]
[EventCategory "22"]
[Source "lmi"]
[SourceDate "2015.08.22"]

1. e4 c5 2. Nf3 d6 3. Bb5+ Nd7 4. c3 Ngf6 5. Qe2 a6 6. Ba4 e5 7. O-O Be7 8. d4
b5 9. Bc2 O-O 10. Rd1 Qc7 11. a4 Rb8 12. axb5 axb5 13. Na3 Ba6 14. d5 Qb7 15.
b4 Bd8 16. Bd3 Ra8 17. Bg5 c4 18. Bc2 Nh5 19. Bxd8 Rfxd8 20. Nh4 g6 21. Qe3 Qb6
22. Qxb6 Nxb6 23. g3 Nf6 24. Ng2 Ne8 25. Ra2 Bc8 26. Rda1 Bd7 27. Nb1 Rxa2 28.
Rxa2 Ra8 29. Rxa8 Nxa8 30. Nd2 Nb6 1/2-1/2

[Event "3. Sinquefield Cup 2015"]
[Site "Saint Louis USA"]
[Date "2015.08.29"]
[Round "7.5"]
[White "Anand, Viswanathan"]
[Black "So, Wesley"]
[Result "1/2-1/2"]
[WhiteElo "2816"]
[BlackElo "2779"]
[PlyCount "78"]
[EventDate "2015.08.22"]
[EventType "tourn"]
[EventRounds "9"]
[EventCountry "USA"]
[EventCategory "22"]
[Source "lmi"]
[SourceDate "2015.08.22"]

1. e4 e5 2. Nf3 Nc6 3. Bb5 Nf6 4. d3 Bc5 5. Bxc6 dxc6 6. Nbd2 O-O 7. O-O Re8 8.
Nc4 Nd7 9. b3 a5 10. a4 f6 11. Be3 Bb4 12. Rc1 b5 13. c3 Bf8 14. Nb2 Nc5 15.
Qc2 Bg4 16. d4 exd4 17. Nxd4 bxa4 18. Nxa4 Nxe4 19. f3 Nd6 20. Bf2 Bd7 21. c4
Qc8 22. Qc3 Nf5 23. Nc2 Nd6 24. Nd4 Nb7 25. c5 Nd8 26. Nb2 Ne6 27. Nc4 Bxc5 28.
Nxe6 Bb4 29. Nxg7 Bxc3 30. Nxe8 Bxe8 31. Rxc3 Bf7 32. Nd2 f5 33. Rxc6 Qd7 34.
Rc2 Re8 35. Nc4 Bxc4 36. Rxc4 Re2 37. h3 Rd2 38. Re1 Rd1 39. Kh2 c6 1/2-1/2

[Event "3. Sinquefield Cup 2015"]
[Site "Saint Louis USA"]
[Date "2015.08.30"]
[Round "8.1"]
[White "Grischuk, Alexander"]
[Black "Vachier-Lagrave, Maxime"]
[Result "1/2-1/2"]
[WhiteElo "2771"]
[BlackElo "2731"]
[PlyCount "60"]
[EventDate "2015.08.22"]
[EventType "tourn"]
[EventRounds "9"]
[EventCountry "USA"]
[EventCategory "22"]
[Source "lmi"]
[SourceDate "2015.08.22"]

1. Nf3 Nf6 2. c4 g6 3. g3 Bg7 4. Bg2 c5 5. d4 cxd4 6. Nxd4 O-O 7. Nc3 Qc7 8.
Nd5 Nxd5 9. cxd5 Qb6 10. Nb3 d6 11. O-O Na6 12. Be3 Qb4 13. Bd2 Qa4 14. Na5
Qxd1 15. Raxd1 Bxb2 16. Rb1 Bf6 17. Nxb7 Kg7 18. Na5 Nc5 19. Rfc1 Ba6 20. Kf1
Rfb8 21. Rb4 Rxb4 22. Bxb4 Rb8 23. a3 Bb5 24. Bf3 Na6 25. Nc6 Rb7 26. Na5 Rb6
27. Bd2 Nc5 28. Bb4 Na6 29. Bd2 Nc5 30. Bb4 Na6 1/2-1/2

[Event "3. Sinquefield Cup 2015"]
[Site "Saint Louis USA"]
[Date "2015.08.30"]
[Round "8.2"]
[White "Giri, Anish"]
[Black "Caruana, Fabiano"]
[Result "1/2-1/2"]
[WhiteElo "2793"]
[BlackElo "2808"]
[PlyCount "137"]
[EventDate "2015.08.22"]
[EventType "tourn"]
[EventRounds "9"]
[EventCountry "USA"]
[EventCategory "22"]
[Source "lmi"]
[SourceDate "2015.08.22"]

1. d4 Nf6 2. c4 g6 3. Nc3 d5 4. cxd5 Nxd5 5. e4 Nxc3 6. bxc3 Bg7 7. Be3 c5 8.
Rc1 O-O 9. Qd2 e5 10. Nf3 cxd4 11. cxd4 exd4 12. Nxd4 Bd7 13. Bc4 Nc6 14. Nf3
Bg4 15. Qxd8 Raxd8 16. O-O Rfe8 17. Rb1 Na5 18. Bd5 Be6 19. Bxe6 Rxe6 20. Bxa7
Ra8 21. Bd4 Bxd4 22. Nxd4 Rxe4 23. Nf3 Re2 24. a4 Re4 25. Rfc1 Rxa4 26. h3 Re8
27. Rc7 h6 28. Rb5 Re2 29. Ne5 Ra1+ 30. Kh2 Rxf2 31. Ng4 Rff1 32. Nxh6+ Kg7 33.
Ng4 Rh1+ 34. Kg3 Rhb1 35. Rd5 Rd1 36. Rb5 Rd6 37. Ne5 Rf6 38. Rc3 Rf5 39. Rcc5
b6 40. Rxb6 Rg5+ 41. Kf2 Ra2+ 42. Kf1 Rgxg2 43. Rxa5 Rxa5 44. Kxg2 Rxe5 45. h4
Re6 46. Rb7 Kf6 47. Ra7 Re3 48. Ra5 Re5 49. Ra7 Re4 50. Kg3 Ke6 51. Ra5 f6 52.
Ra6+ Kf5 53. Ra5+ Re5 54. Ra3 Rd5 55. Rf3+ Ke6 56. Re3+ Re5 57. Ra3 Re4 58.
Ra6+ Kf5 59. Ra5+ Re5 60. Ra3 Rd5 61. Rf3+ Ke6 62. Re3+ Kf7 63. Ra3 Rd4 64. Ra6
Ke7 65. Ra3 Ke6 66. Re3+ Kf5 67. Rf3+ Ke5 68. Re3+ Re4 69. Ra3 1/2-1/2

[Event "3. Sinquefield Cup 2015"]
[Site "Saint Louis USA"]
[Date "2015.08.30"]
[Round "8.3"]
[White "So, Wesley"]
[Black "Topalov, Veselin"]
[Result "1/2-1/2"]
[WhiteElo "2779"]
[BlackElo "2816"]
[PlyCount "100"]
[EventDate "2015.08.22"]
[EventType "tourn"]
[EventRounds "9"]
[EventCountry "USA"]
[EventCategory "22"]
[Source "lmi"]
[SourceDate "2015.08.22"]

1. d4 Nf6 2. c4 e6 3. Nc3 Bb4 4. e3 O-O 5. Nge2 d5 6. a3 Bd6 7. c5 Be7 8. b4 b6
9. Bb2 a5 10. Nf4 axb4 11. axb4 Rxa1 12. Qxa1 Nc6 13. Nd3 bxc5 14. bxc5 Ne4 15.
Be2 Bd7 16. f3 Nxc3 17. Bxc3 Qa8 18. Kd2 Rb8 19. Qxa8 Rxa8 20. Ra1 Rxa1 21.
Bxa1 Kf8 22. Bc3 Ke8 23. g4 g6 24. f4 h6 25. h3 Bf6 26. Bf3 Bc8 27. Bd1 Bd7 28.
Ne1 Na7 29. Ba5 Bd8 30. Nf3 Bb5 31. Bc3 Nc6 32. Ke1 Nb8 33. Bc2 Nd7 34. Ba5 Nf6
35. g5 hxg5 36. fxg5 Nd7 37. h4 Nb8 38. Ne5 Nc6 39. Nxc6 Bxc6 40. Kf2 Kd7 41.
Kg3 Be7 42. Kf4 Bb5 43. Ke5 c6 44. Bd1 Bd3 45. Bb6 Bf1 46. Ba7 Bd3 47. Bb8 Bb1
48. Bd6 Bd8 49. Bb8 Bd3 50. Bd6 Bb1 1/2-1/2

[Event "3. Sinquefield Cup 2015"]
[Site "Saint Louis USA"]
[Date "2015.08.30"]
[Round "8.4"]
[White "Aronian, Levon"]
[Black "Anand, Viswanathan"]
[Result "1/2-1/2"]
[WhiteElo "2765"]
[BlackElo "2816"]
[PlyCount "61"]
[EventDate "2015.08.22"]
[EventType "tourn"]
[EventRounds "9"]
[EventCountry "USA"]
[EventCategory "22"]
[Source "lmi"]
[SourceDate "2015.08.22"]

1. c4 e5 2. Nc3 Nf6 3. Nf3 Nc6 4. g3 Bb4 5. Bg2 O-O 6. O-O e4 7. Ng5 Bxc3 8.
bxc3 Re8 9. f3 exf3 10. Nxf3 d5 11. d4 dxc4 12. Bg5 h6 13. Bxf6 Qxf6 14. e4 Bg4
15. Qa4 Qd6 16. Rae1 Rab8 17. Qxc4 b5 18. e5 bxc4 19. exd6 cxd6 20. Rxe8+ Rxe8
21. Nd2 Na5 22. Ne4 Rd8 23. Rb1 d5 24. Nc5 Be6 25. Rb5 Nc6 26. Na6 Rd7 27. a4
Kf8 28. Nc5 Rc7 29. Na6 Rd7 30. Nc5 Rc7 31. Na6 1/2-1/2

[Event "3. Sinquefield Cup 2015"]
[Site "Saint Louis USA"]
[Date "2015.08.30"]
[Round "8.5"]
[White "Carlsen, Magnus"]
[Black "Nakamura, Hikaru"]
[Result "1/2-1/2"]
[WhiteElo "2853"]
[BlackElo "2814"]
[PlyCount "190"]
[EventDate "2015.08.22"]
[EventType "tourn"]
[EventRounds "9"]
[EventCountry "USA"]
[EventCategory "22"]
[Source "lmi"]
[SourceDate "2015.08.22"]

1. d4 d5 2. c4 e6 3. Nc3 Be7 4. Bf4 Nf6 5. e3 O-O 6. a3 c5 7. dxc5 Bxc5 8. Nf3
Nc6 9. Qc2 Qa5 10. Rd1 Be7 11. Be2 Ne4 12. cxd5 Nxc3 13. Qxc3 Qxc3+ 14. bxc3
exd5 15. Rxd5 Bxa3 16. Nd4 Nxd4 17. exd4 b6 18. Kd2 Be6 19. Rb5 Bd7 20. Rb3 Be7
21. Bf3 Ba4 22. Rb2 Rad8 23. Ra1 b5 24. Bc6 a6 25. Bb7 Bd6 26. Be3 a5 27. Bc6
Rb8 28. d5 Rfd8 29. Kd3 Bf8 30. Bd4 f6 31. Ke4 Bd6 32. c4 Bb4 33. Ba7 f5+ 34.
Kf3 Rbc8 35. cxb5 Bxb5 36. Bxb5 Bc3 37. Rab1 Bxb2 38. Rxb2 Rxd5 39. Be3 Rb8 40.
Bc4 Rxb2 41. Bxd5+ Kh8 42. Bd4 Rb1 43. Ke2 a4 44. g3 a3 45. Kd2 h5 46. h4 Kh7
47. Bc4 g6 48. Kc2 Re1 49. Be3 f4 50. Bxf4 a2 51. Bxa2 Re2+ 52. Kb3 Rxf2 53.
Bb1 Re2 54. Kc4 Kg7 55. Kd5 Re1 56. Bc2 Re2 57. Bd3 Re1 58. Be4 Rd1+ 59. Ke5
Re1 60. Bd2 Re2 61. Bc3 Kh6 62. Bb4 Rf2 63. Bc5 Rf1 64. Bb4 Rf2 65. Be7 Rf1 66.
Bf6 Rg1 67. Bg5+ Kg7 68. Bf4 Re1 69. Kd5 Rd1+ 70. Ke6 Re1 71. Ke5 Re2 72. Kd5
Re1 73. Bd3 Kh7 74. Kd4 Kg7 75. Be3 Ra1 76. Ke4 Ra4+ 77. Kf3 Ra3 78. Bb5 Rb3
79. Be8 Rb1 80. Bc6 Rb4 81. Bd2 Rb6 82. Bc3+ Kh6 83. Bd5 Rb1 84. Kf4 Rf1+ 85.
Ke5 Rg1 86. Bd2+ Kg7 87. Bf4 Re1+ 88. Kd6 Kf6 89. Bf3 Kf5 90. Kd5 Rf1 91. Be4+
Kg4 92. Bxg6 Rxf4 93. gxf4 Kxf4 94. Bxh5 Kg3 95. Bd1 Kxh4 1/2-1/2

[Event "3. Sinquefield Cup 2015"]
[Site "Saint Louis USA"]
[Date "2015.09.01"]
[Round "9.1"]
[White "Nakamura, Hikaru"]
[Black "Grischuk, Alexander"]
[Result "1-0"]
[WhiteElo "2814"]
[BlackElo "2771"]
[PlyCount "153"]
[EventDate "2015.08.22"]
[EventType "tourn"]
[EventRounds "9"]
[EventCountry "USA"]
[EventCategory "22"]
[Source "lmi"]
[SourceDate "2015.08.22"]

1. e4 c5 2. Nf3 d6 3. Bb5+ Nd7 4. O-O a6 5. Bd3 Ngf6 6. c3 b5 7. Bc2 Bb7 8. Re1
Rc8 9. a4 b4 10. a5 Qc7 11. d3 bxc3 12. bxc3 e6 13. h3 Be7 14. Bf4 O-O 15. Nbd2
Bc6 16. Nc4 Bb5 17. Nfd2 Rfd8 18. Bg3 Ne8 19. Kh2 Rb8 20. Ne3 Ne5 21. Qe2 Nc6
22. Nb3 Ne5 23. Nd2 Nc6 24. Ndc4 Nf6 25. Kh1 Ne5 26. f4 Nxc4 27. dxc4 Bc6 28.
Nd1 g6 29. Bh2 Nh5 30. Qe3 Bh4 31. g3 Be7 32. Kg1 Re8 33. e5 Ng7 34. g4 f5 35.
exf6 Bxf6 36. Nf2 Bh4 37. Re2 Bxf2+ 38. Rxf2 Rf8 39. Bg3 Rbe8 40. Kh2 Rf7 41.
Rd1 Rd7 42. Rfd2 Qd8 43. h4 Rf8 44. Rf2 Kh8 45. Rb1 Qxa5 46. h5 gxh5 47. f5
exf5 48. gxf5 Qd8 49. f6 Ne8 50. Bh4 Rdf7 51. Qh6 Rg8 52. Re1 d5 53. Qxh5 Qd6+
54. Re5 d4 55. cxd4 Qxd4 56. Re7 Rxe7 57. fxe7 Qd6+ 58. Kh3 Bd7+ 59. Bf5 Qd3+
60. Rf3 Bxf5+ 61. Qxf5 Qxf5+ 62. Rxf5 Kg7 63. Bg3 h6 64. Be5+ Kh7 65. Rf7+ Kg6
66. Rf8 Kh7 67. Bf4 a5 68. Bxh6 a4 69. Be3 a3 70. Bxc5 a2 71. Bd4 Nc7 72. Ba1
Ne8 73. c5 Nc7 74. c6 Ne8 75. Kh4 Nc7 76. Kh5 Ne8 77. c7 1-0

[Event "3. Sinquefield Cup 2015"]
[Site "Saint Louis USA"]
[Date "2015.09.01"]
[Round "9.2"]
[White "Anand, Viswanathan"]
[Black "Carlsen, Magnus"]
[Result "1/2-1/2"]
[WhiteElo "2816"]
[BlackElo "2853"]
[PlyCount "71"]
[EventDate "2015.08.22"]
[EventType "tourn"]
[EventRounds "9"]
[EventCountry "USA"]
[EventCategory "22"]
[Source "lmi"]
[SourceDate "2015.08.22"]

1. e4 e5 2. Nf3 Nc6 3. Bb5 Nf6 4. O-O Nxe4 5. d4 Nd6 6. Bxc6 dxc6 7. dxe5 Nf5
8. Qxd8+ Kxd8 9. h3 h5 10. Nc3 Be7 11. Rd1+ Ke8 12. Ne2 Nh4 13. Nxh4 Bxh4 14.
f3 Bf5 15. Nd4 Bg6 16. Bf4 Be7 17. g4 Rd8 18. Kg2 hxg4 19. hxg4 Bc5 20. c3 Bxd4
21. Rxd4 Rxd4 22. cxd4 Ke7 23. Rc1 Ke6 24. Be3 f6 25. exf6 gxf6 26. Bd2 Rd8 27.
Bc3 Kf7 28. Kg3 Re8 29. Rh1 Bd3 30. Re1 Rxe1 31. Bxe1 Bc4 32. a3 b6 33. Kf4 a5
34. Ke3 a4 35. Bg3 b5 36. Bxc7 1/2-1/2

[Event "3. Sinquefield Cup 2015"]
[Site "Saint Louis USA"]
[Date "2015.09.01"]
[Round "9.3"]
[White "Topalov, Veselin"]
[Black "Aronian, Levon"]
[Result "1/2-1/2"]
[WhiteElo "2816"]
[BlackElo "2765"]
[PlyCount "61"]
[EventDate "2015.08.22"]
[EventType "tourn"]
[EventRounds "9"]
[EventCountry "USA"]
[EventCategory "22"]
[Source "lmi"]
[SourceDate "2015.08.22"]

1. d4 Nf6 2. c4 e6 3. Nf3 d5 4. Nc3 Bb4 5. Bg5 dxc4 6. Qa4+ Nc6 7. a3 Bxc3+ 8.
bxc3 Qd5 9. Bxf6 gxf6 10. Nd2 b5 11. Qc2 a6 12. e4 Qd7 13. g3 Bb7 14. Bg2 Ne7
15. O-O O-O 16. Rfd1 Rad8 17. a4 c5 18. axb5 axb5 19. Nf3 Qc7 20. Rab1 f5 21.
exf5 Nxf5 22. Rxb5 Bxf3 23. Bxf3 cxd4 24. Qc1 dxc3 25. Rxf5 Rxd1+ 26. Bxd1 exf5
27. Qg5+ Kh8 28. Qf6+ Kg8 29. Qg5+ Kh8 30. Qf6+ Kg8 31. Qg5+ 1/2-1/2

[Event "3. Sinquefield Cup 2015"]
[Site "Saint Louis USA"]
[Date "2015.09.01"]
[Round "9.4"]
[White "Caruana, Fabiano"]
[Black "So, Wesley"]
[Result "1/2-1/2"]
[WhiteElo "2808"]
[BlackElo "2779"]
[PlyCount "99"]
[EventDate "2015.08.22"]
[EventType "tourn"]
[EventRounds "9"]
[EventCountry "USA"]
[EventCategory "22"]
[Source "lmi"]
[SourceDate "2015.08.22"]

1. Nf3 Nf6 2. c4 b6 3. g3 c5 4. Bg2 Bb7 5. O-O g6 6. d4 cxd4 7. Qxd4 Bg7 8. Nc3
d6 9. Be3 Nbd7 10. Rac1 Rc8 11. b3 a6 12. Rfd1 O-O 13. Qh4 Re8 14. Bh3 Rc7 15.
g4 Qa8 16. Bd4 h6 17. g5 hxg5 18. Nxg5 e6 19. Be3 Qb8 20. Bf4 Bf8 21. Rxd6 e5
22. Rxd7 exf4 23. Rcd1 Bg7 24. R7d3 Rce7 25. Bg2 Bxg2 26. Kxg2 Nh5 27. Nd5 Rxe2
28. Qg4 Qd6 29. Qf3 Qc5 30. R3d2 R2e5 31. h4 b5 32. Rc2 b4 33. Rcd2 a5 34. Qg4
Bh6 35. Kf1 Rf5 36. Nf3 Bg7 37. Qg2 a4 38. Rd3 Qa5 39. Ng5 axb3 40. axb3 Bf8
41. Qf3 Bc5 42. Ne4 Kg7 43. Nxc5 Qxc5 44. Rd4 Kh6 45. Qd3 Kh7 46. Qf3 Re6 47.
Kg1 Qa5 48. Kg2 Kh6 49. R1d3 Qd8 50. Qg4 1/2-1/2

[Event "3. Sinquefield Cup 2015"]
[Site "Saint Louis USA"]
[Date "2015.09.01"]
[Round "9.5"]
[White "Vachier-Lagrave, Maxime"]
[Black "Giri, Anish"]
[Result "1/2-1/2"]
[WhiteElo "2731"]
[BlackElo "2793"]
[PlyCount "87"]
[EventDate "2015.08.22"]
[EventType "tourn"]
[EventRounds "9"]
[EventCountry "USA"]
[EventCategory "22"]
[Source "lmi"]
[SourceDate "2015.08.22"]

1. e4 e5 2. Nf3 Nc6 3. Bb5 a6 4. Ba4 Nf6 5. O-O b5 6. Bb3 Bc5 7. c3 d6 8. d4
Bb6 9. Be3 O-O 10. Nbd2 h6 11. h3 Re8 12. Re1 Rb8 13. a3 Na5 14. Ba2 exd4 15.
Bxd4 Nc6 16. Bxb6 Rxb6 17. c4 b4 18. c5 dxc5 19. e5 Nh7 20. Ne4 Qxd1 21. Raxd1
b3 22. Bb1 c4 23. Nc3 Nf8 24. Be4 Ne7 25. Na4 Rb5 26. Nd4 Ra5 27. Nc3 g5 28.
Bf3 Ne6 29. Nc6 Nxc6 30. Bxc6 Rf8 31. Bd5 Nf4 32. Bxc4 Be6 33. Bxe6 Nxe6 34.
Re3 Kg7 35. Ne2 Rb8 36. Nd4 Nxd4 37. Rxd4 Re8 38. f4 gxf4 39. Rxf4 Rexe5 40.
Rxb3 Rab5 41. Rbf3 f5 42. b4 a5 43. Rc3 c5 44. bxc5 1/2-1/2